Normal view
MARC view
- Occupational aptitude tests.
Entry Topical Term
001 - CONTROL NUMBER
- control field: 4036
003 - CONTROL NUMBER IDENTIFIER
- control field: NUST
005 - DATE AND TIME OF LATEST TRANSACTION
- control field: 20170823140605.0
008 - FIXED-LENGTH DATA ELEMENTS
- fixed length control field: 170823|| aca||aabn | a|a d
040 ## - CATALOGING SOURCE
- Original cataloging agency: NUST
- Transcribing agency: NUST
150 ## - HEADING--TOPICAL TERM
- Topical term or geographic name entry element: Occupational aptitude tests.
670 ## - SOURCE DATA FOUND
- Source citation: Work cat.: (NUST)0: Zunker, Vernon G., 1927- 4035, Using assessment results for career development :, c2012.
